| 000 | 00979nam a2200265Ia 4500 | ||
|---|---|---|---|
| 003 | OSt | ||
| 005 | 20221005110932.0 | ||
| 006 | a|||||r|||| 00| 0 | ||
| 007 | ta | ||
| 008 | 221004b |||||||| |||| 00| 0 hin d | ||
| 020 |
_a9788126726011 (hbk) _c600 |
||
| 024 | _a11074 | ||
| 037 |
_bBR8180, 20/03/2014, Rajkamal Prakashan Pvt. Ltd. _cTextual |
||
| 040 |
_aCRL _cCRL _bhin |
||
| 041 |
_2hin _ahin |
||
| 082 | _aO152,3v, Q4 | ||
| 100 | _aगोपाल राय | ||
| 245 | 0 |
_aहिन्दी कहानी का इतिहास - 3 _b 1976 - 2000 |
|
| 246 | _aHindī kahānī kā itihās - 3: 1976 - 2000 | ||
| 260 |
_aनई दिल्ली _bराजकमल प्रकाशन भारत _c2014 |
||
| 300 |
_a425पृ0 _ccm. |
||
| 650 | _aहिन्दी साहित्य | ||
| 942 |
_hO152,3v, Q4 _cTEXL _2cc |
||
| 999 |
_c1020312 _d1020312 |
||